Statistics for 99 DC Superheroes

Click here to take the quiz!

General Stats

  • This quiz has been taken 1,228 times
    (1,118 since last reset)
  • The average score is 32 of 99

Answer Stats

Answer% Correct
Batman
100%
Superman
100%
Wonder Woman
98%
Flash
97%
Robin
95%
Green Lantern
93%
Aquaman
91%
Green Arrow
88%
Cyborg
87%
Batgirl
85%
NIghtwing
85%
Supergirl
84%
Martian Manhunter
80%
Beast Boy
76%
Raven
74%
Hawk
73%
Black Canary
72%
Starfire
70%
Hawkgirl
68%
Superboy
68%
Captain Marvel
67%
Hawkman
66%
Kid Flash
66%
Atom
62%
Batwoman
58%
Blue Beetle
57%
Aqualad
56%
Zatanna
53%
Fire
50%
Wonder Girl
48%
Plastic Man
44%
Firestorm
43%
Doctor Fate
42%
Speedy
42%
Dove
39%
Booster Gold
38%
Red Tornado
37%
Swamp Thing
32%
Captain Atom
31%
Black Lightning
30%
Ice
29%
Elongated Man
28%
Stargirl
27%
Vibe
26%
Vixen
25%
Steel
24%
Question
22%
Wildcat
18%
Terra
17%
Deadman
15%
Mister Miracle
15%
Starman
15%
Hourman
14%
Katana
14%
Batwing
13%
Big Barda
13%
Guardian
13%
Metamorpho
13%
Mr. Terrific
13%
Lobo
11%
Orion
11%
Robot Man
11%
Animal Man
10%
Jonah Hex
10%
Sandman
10%
Vigilante
10%
Adam Strange
9%
Doctor Midnite
8%
Blue Devil
7%
Geo-Force
7%
Gypsy
7%
Negative Man
7%
Ray
7%
Halo
6%
Shining Knight
6%
Zan
6%
Crimson Avenger
4%
Crimson Fox
4%
Johnny Thunder
4%
Saint Walker
4%
Star Spangled Kid
4%
Uncle Sam
4%
Apache Chief
3%
Aztek
3%
Black Condor
3%
Black Vulcan
3%
Damage
3%
Jayna
3%
Phantom Lady
3%
Sgt. Rock
3%
Captain Comet
2%
Carol Ferris
2%
Frankenstein
2%
Indigo-1
2%
Warlord
2%
Zauriel
2%
Atomic Knight
1%
Bulleteer
1%
Risk
1%

Score Distribution

Percentile by Number Answered

Percent of People with Each Score

Your Score History

You have not taken this quiz since the last reset